Представление документа в формате RUSMARC

ПолеНазваниеЗначение
  Тип записи c
  Библиографический уровень m
001 Контрольный номер RU/УОНБ/EK_N/569158880
005 Дата корректировки 20240131005116.7
100 Данные общей обработки __
a Данные общей обработки 20180113d2018 u y0rusy0189||||ba
101 Язык документа 0_
a Язык текста ger
a Язык текста eng
102 Страна публикации __
a Страна публикации DE
105 Кодированные данные (монография) __
a Кодированные данные (монография) y###||||000|y
200 Заглавие и сведения об ответственности 1_
a Заглавие Praktische Klavierschule
b Общее обозначение материала Ноты
d Параллельное заглавие [Практическая школа фортепиано]
f Первые сведения об ответственности Louis Kohler
f Первые сведения об ответственности [Луи Кёлер]
g Последующие сведения об ответственности hrgb. Adolf Ruthardt
z Язык параллельного заглавия eng
210 Выходные данные 1_
a Место издания Leipzig
c Издательство C. F. Peters
d Дата издания Б. г. -
215 Физическое описание __
d Формат 30 см
225 Серия 1_
a Серия Edition Peters
v Обозначение тома Nr. 1969a
300 Общие примечания __
a Общие примечания Изд. на нем. и англ. яз.
686 Индексы других классификаций __
a Классификационный индекс 85
2 Код системы rubbk
700 Автор _1
a Фамилия Kohler
b Имя (инициалы) L.
g Полное личное имя Louis
702 Вторичная интеллектуальная ответственность _1
a Фамилия Ruthardt
b Имя (инициалы) A.
4 Код отношения 340
801 Источник записи _0
a Страна RU
b Организация Ульяновская ОНБ
c Дата составления 20180113
g Правила каталогизации RCR
801 Источник записи _1
a Страна RU
b Организация Ульяновская ОНБ
c Дата составления 20180113
g Правила каталогизации RCR
901 Тип документа __
t Тип документа v
909 Создатель записи __
a Создатель записи Грязнова И. Е.
938 Служебная информация __
a Имя БД noti
b Имя библиотеки УОНБ
c Имя АИБС МАРК-SQL
d Номер DOC_ID в БД 17523